书目信息 |
| 题名: |
一所地方大学的崛起
|
|
| 作者: | 潘际銮 编 ;徐丽萍 编 | |
| 分册: | ||
| 出版信息: | 北京 化学工业出版社 2007 |
|
| 页数: | 237页 | |
| 开本: | 27cm | |
| 丛书名: | ||
| 单 册: | ||
| 中图分类: | G64-53 | |
| 科图分类: | ||
| 主题词: | 高等教育--文集 , 高等教育 | |
| 电子资源: | ||
| ISBN: | 978-7-5025-9766-5 | |
| 000 | 00870nam0 2200265 450 | |
| 001 | 070730001335 | |
| 005 | 20071015143718.40 | |
| 010 | @a978-7-5025-9766-5@b精装@dCNY58.00 | |
| 035 | @a003392402 | |
| 100 | @a20070110d2007 em y0chiy0110 ea | |
| 101 | 0 | @achi |
| 102 | @aCN@b110000 | |
| 105 | @aa z 000yy | |
| 200 | 1 | @a一所地方大学的崛起@Ayi suo di fang da xue de jue qi@e潘际銮教育文集@f徐丽萍编 |
| 210 | @a北京@c化学工业出版社@d2007 | |
| 215 | @a237页@c照片@d27cm | |
| 330 | @a本书汇集了潘先生任南昌大学校长期间有关治学、治校、育人等各类文章。从中了解到作者的办学思想和治校方针。 | |
| 517 | 1 | @a潘际銮教育文集@Apan ji luan jiao yu wen ji |
| 606 | 0 | @a高等教育@j文集 |
| 606 | 0 | @a高等教育 |
| 690 | @aG64-53@v4 | |
| 701 | 0 | @a潘际銮@Apan ji luan@f(1927~)@4编 |
| 702 | 0 | @a徐丽萍@Axu li ping@c(女)@4编 |
| 801 | 0 | @aCN@c20071015 |
| 905 | @dG64-53@eX750 | |
| 一所地方大学的崛起:潘际銮教育文集/徐丽萍编.-北京:化学工业出版社,2007 |
| 237页:照片;27cm |
| ISBN 978-7-5025-9766-5(精装):CNY58.00 |
| 本书汇集了潘先生任南昌大学校长期间有关治学、治校、育人等各类文章。从中了解到作者的办学思想和治校方针。 |
| ● |
| 相关链接 |
|
|
|
正题名:一所地方大学的崛起
索取号:G64-53/X750
 
预约/预借
| 序号 | 登录号 | 条形码 | 馆藏地/架位号 | 状态 | 备注 |
| 1 | 653152 | 206531528 | 社科库409/409社科库 9排3列5层/ [索取号:G64-53/X750] | 在馆 |